| 000 | 00591nam a22001937a 4500 | ||
|---|---|---|---|
| 003 | OSt | ||
| 005 | 20170317075834.0 | ||
| 008 | 130920t xxu||||| |||| 00| 0 eng d | ||
| 020 | _a9812552073 | ||
| 050 |
_aTR 428 _bTa55 2007 |
||
| 082 |
_aGS 428 _bIs-wb4 2007 |
||
| 245 |
_aLearning vocabulary workbook 4 : _b900 questions to build your vocabulary / _cLana Israel. |
||
| 260 |
_aSingapore : _bSingapore Asian Publications, _c2005. |
||
| 300 |
_a158 p. : _bill. ; _c26 cm. |
||
| 650 |
_aEnglish language _xStudy and teaching |
||
| 650 | _aReviewer. | ||
| 942 |
_2ddc _cBK |
||
| 999 |
_c11843 _d11843 |
||